| 000 | 01135cad a22002175a 4500 | ||
|---|---|---|---|
| 001 | L149537 | ||
| 008 | 100317e20100305xxkd f f000 0 eng d | ||
| 035 | _a(Sirsi) u149537 | ||
| 041 | 0 | _aeng | |
| 110 | 2 |
_aUnited Kingdom _bOffice of National Statistics _92035 |
|
| 245 | 0 | 0 |
_aOutput in the construction industry _bfourth quarter 2009 _h[electronic resource] |
| 260 | _c2010 | ||
| 490 |
_aONS Statistical Bulletin _v(Fourth quarter 2009) 5 March 2010 |
||
| 520 | _aProvides statistics on the output of the construction industry in Great Britain for the fourth quarter 2009. Reports a 20% fall in private sector construction work during 2009 which is the largest fall in this sector since ONS starting collecting this data in 1955. | ||
| 590 | _aKA NTK | ||
| 650 | 2 | 4 | _aONS OUTPUT IN THE CONSTRUCTION INDUSTRY |
| 651 | 4 |
_aGreat Britain _y1707- |
|
| 690 | _aBUILT ENVIRONMENT-CONSTRUCTION MARKET | ||
| 856 | 4 | 0 |
_uhttps://www.ons.gov.uk/ons/rel/construction/output-and-employment-in-the-construction-industry/q4-2009/q4-2009-statistical-bulletin.pdf _zView the statistical bulletin free of charge online at www.ons.gov.uk |
| 942 | _n0 | ||
| 999 |
_c82204 _d82204 |
||